000 00567nam a2200181Ia 4500
003 GCL
008 140319s9999 xx 000 0 ara d
040 _aGCL /
_cGCL
082 0 4 _a412
_bت م
100 1 _aتوفيق محمد شاهين
245 1 0 _aالمشترك اللغوى نظرية وتطبيقا /
_cتوفيق محمد شاهين
300 _a396 ص
490 _aدراسات لغوية
_v0
650 0 4 _aالاشتقاق
650 0 4 _aالمترادفات والاضداد
650 0 4 _aاللغة العربية - الالفاظ
942 _2ddc
_cBK
999 _c37718
_d37718